000 00518nam a2200181 i 4500
001 30125
003 ES-MaACL
005 20230906154137.0
007 t|
008 030123s1986 sp ||||1| spa d
020 _a84-861300-85-9
100 1 _aBarrachina Juan, Eduardo.
_925809
245 1 0 _aLecciones de derecho administrativo /
_cEduardo Barrachina Juan.
260 _aBarcelona :
_bPPU,
_c1986.
300 _a2 v. ;
_c25 cm.
852 _aES-MaACL
_jL-9794-5
_bR.111843
852 _aES-MaACL
_jL-12398
_bR.115421
999 _c30125
_d30125